000 02159nam a2200241 a 4500
001 ASIN8175966629
005 20170105102909.0
008 131025s2009 xxu eng d
020 _a8175966629 (paperback)
_c$45.00
020 _a9788175966628 (paperback)
040 _a0
050 0 4 _aJC574.2.S64
082 0 4 _a320.51095
245 1 0 _aLiberal perspectives for south asia /
_cRajiva Wijesinha.
260 _a[S.l.] :
_bCambridge University Press India Pvt. Ltd.,
_c2009.
300 _a260 p. ;
_c23 cm.
520 _aLiberal Perspectives for South Asia discusses the essentials of the liberal philosophy, while also indicating how appropriate it is in the South Asian context. In the past, the subcontinent was renowned for the skill with which it took up the dominant ideologies of the west and articulated them for the Asian context. In the post-colonial period, the only dominant ideology that was sidetracked by all political parties was liberalism, the ideology that promoted freedom of the individual. The idea of a book about the need for liberalism in the subcontinent was the brainchild of Chanaka Amaratunga, who set up the first avowedly Liberal Party in Sri Lanka. Many political parties have implemented liberal policies on an ad hoc basis and without a proper framework to guide them. Not all parties would accept all aspects of a liberal programme, however, in a context in which many parties are seeking an ideology that accords both with the present times and trends, and also with some of the goals they accepted in the past. It is hoped that this volume will provide food for thought and ideas for adoption and incorporation within the party programme. Ranging from erudite expositions of classic liberal thinkers to lively discussions of liberal economic principles put into practice by imaginative entrepreneurs, this volume is essential reading for a region making a swift transition into the contemporary, globalized world.
650 0 _aLiberalism
650 0 _aSouth Asia
700 1 _aWijesinha, Rajiva.
856 4 0 _3Amazon.com
_uhttp://www.amazon.com/exec/obidos/ASIN/8175966629/chopaconline-20
942 _2ddc
_cBK
999 _c15017
_d15017